000
00327nam a2200157Ia 4500
100
_a
Norton/Peter
250
_a
7
942
_c
BK
366
_f
25
245
_a
Introduction To Computers
260
_b
Tata Mc Graw hill Ltd.
_c
2011
082
_a
5.13
_b
NOR
300
_a
628
546
_a
ENGLISH
_c
Computers
999
_c
24229
_d
24229